Statistics for Strongest Currencies (compared to the USD)

Click here to take the quiz!

General Stats

  • This quiz has been taken 51 times
  • The average score is 4 of 9

Answer Stats

RankValueRegionAnswer% Correct
71 = 1.13 USDEuropeEuro
96%
51 = 1.30 USDEuropeBritish Pound
84%
101 = 0.73 USDOceaniaAustralian Dollar
61%
81 = 1.00 USDEuropeSwiss Franc
57%
11 = 3.29 USDMiddle EastKuwaiti Dinar
33%
31 = 2.60 USDMiddle EastOmani Rial
33%
21 = 2.66 USDMiddle EastBahraini Dinar
24%
41 = 1.41 USDMiddle EastJordinian Dinar
14%
61 = 1.22 USDCarribeanCaymanian Dollar
6%

Score Distribution

Percentile by Number Answered

Percent of People with Each Score

Your Score History

You have not taken this quiz